| 000 | 004680000a22001690004500 | ||
|---|---|---|---|
| 003 | MACL | ||
| 005 | 20151220131116.0 | ||
| 008 | 151220b xxu||||| |||| 00| 0 eng d | ||
| 040 |
_aMACL _cMACL |
||
| 041 | _aEnglish | ||
| 082 | _a721/CAL | ||
| 100 |
_aCallender, John Hancock _921601 |
||
| 245 | _aTime Saver Standards for Architectural Design Data | ||
| 260 |
_bMcGraw Hill Book Company _c1983 _aSingapore |
||
| 650 |
_aArchitecture _9259 |
||
| 942 |
_cBK _k721/CAL _2ddc |
||
| 999 |
_c40224 _d40224 |
||